Best NFL Player By Number Headed Into 2024 - Statistics

General Stats
  • This quiz has been taken 164 times
  • The average score is 39 of 100
Answer Stats
Number # Team Answer % Correct
8 Ravens Lamar Jackson
88%
0 Ravens Roquan Smith
86%
10 Dolphins Tyreek Hill
85%
14 Lions Amon-Ra St. Brown
84%
18 Vikings Justin Jefferson
83%
15 Chiefs Patrick Mahomes
83%
1 Jets Sauce Gardner
83%
77 Jets Tyron Smith
83%
2 Broncos Patrick Surtain II
82%
13 Buccaneers Mike Evans
81%
4 Cowboys Dak Prescott
80%
17 Raiders Davante Adams
80%
9 Bengals Joe Burrow
80%
11 Cowboys Micah Parsons
76%
6 Buccaneers Baker Mayfield
75%
19 49ers Deebo Samuel
75%
23 49ers Christian McCaffrey
73%
5 Dolphins Jalen Ramsey
73%
22 Ravens Derrick Henry
72%
16 Seahawks Tyler Lockett
72%
20 Jets Breece Hall
68%
24 Browns Nick Chubb
68%
12 Saints Chris Olave
67%
3 Falcons Jessie Bates III
67%
87 Chiefs Travis Kelce
65%
88 Cowboys CeeDee Lamb
62%
26 Eagles Saquon Barkley
62%
81 Jets Mike Williams
61%
90 Steelers T.J. Watt
61%
71 49ers Trent Williams
61%
7 49ers Charvarious Ward
59%
21 Browns Denzel Ward
59%
97 49ers Nick Bosa
59%
76 Free Agent Duane Brown
58%
33 Vikings Aaron Jones
56%
85 49ers George Kittle
55%
28 Texans Joe Mixon
52%
54 49ers Fred Warner
49%
93 Commanders Jonathan Allen
49%
41 Jaguars Josh Allen
49%
98 Raiders Maxx Crosby
48%
95 Browns Myles Garrett
47%
89 Ravens Mark Andrews
43%
65 Eagles Lane Johnson
39%
45 Eagles Devin White
38%
27 Rams Tre’Davious White
38%
91 Bengals Trey Hendrickson
38%
31 Buccaneers Antoine Winfield Jr.
35%
56 Saints Demario Davis
34%
94 Saints Cameron Jordan
32%
86 Bills Dalton Kincaid
32%
51 Texans Will Anderson Jr.
32%
39 Steelers Minkah Fitzpatrick
31%
70 Cowboys Zack Martin
30%
99 Texans Danielle Hunter
29%
78 Texans Laremy Tunsil
29%
30 Commanders Austin Ekeler
28%
62 Chiefs Joe Thuney
27%
92 Saints Chase Young
26%
32 Saints Tyrann Mathieu
26%
84 Chiefs Justin Watson
24%
72 Dolphins Terron Armstead
23%
40 Bills Von Miller
23%
58 Lions Penei Sewell
22%
29 49ers Talanoa Hufanga
22%
63 Falcons Chris Lindstrom
21%
80 Ravens Isaiah Likely
21%
73 Bills Dion Dawkins
20%
79 Ravens Ronnie Stanley
19%
34 Lions Alex Anzalone
17%
57 Jets C.J. Mosley
17%
50 Buccaneers Vita Vea
16%
38 Titans L’Jarius Sneed
14%
64 Ravens Tyler Linderbaum
14%
83 Titans Tyler Boyd
13%
42 Ravens Patrick Ricard
11%
49 Bears Tremaine Edmunds
11%
25 Free Agent Xavien Howard
11%
43 Vikings Andrew Van Ginkel
10%
37 Titans Amani Hooker
9%
67 Seahawks Charles Cross
9%
59 49ers De’Vondre Campbell
9%
35 Buccaneers Jamel Dean
9%
74 Packers Elgton Jenkins
8%
55 Seahawks Jerome Baker
8%
82 49ers Logan Thomas
8%
52 Chiefs Creed Humphery
7%
44 Ravens Marlon Humphery
7%
69 Free Agent David Bahktiari
5%
96 Texans Denico Autry
4%
36 Titans Julius Chestnut
3%
53 Free Agent Shaquille Leonard
3%
61 Free Agent Mason Cole
2%
48 Chargers Bud Dupree
1%
75 Browns Joel Bitinio
1%
46 Texans Jon Weeks
1%
47 Panthers Josey Jewell
1%
68 Cardinals Kelvin Beachum
1%
60 Jaguars Mitch Morse
1%
66 Free Agent Ryan Jensen
1%
No matching quizzes found
Score Distribution
Percent of People with Each Score
Percentile by Number Answered
Your Score History
You have not taken this quiz